| 000 | 00919cam a2200181 4500 | ||
|---|---|---|---|
| 001 | X104218 | ||
| 008 | 000000n2000 000 0 eng u | ||
| 035 | _a(Sirsi) u104218 | ||
| 245 | _aBanner Homes Group plc v Luff Developments | ||
| 260 | _c2000 | ||
| 490 |
_aEstates Gazette Case Summaries _v [2000] EGCS 15 (1) |
||
| 520 | _aCA 28 January 2000. Parties coming to non-binding agreement to buy site as a joint venture. Company formed by defendant as vehicle for venture. Defendant announcing withdrawal from venture after arranging for company to acquire site and effect subsale of part. Claimant seeking declaration that company shares held by defendant on constructive trust. Claimant successful on appeal. | ||
| 650 | _aBANNER HOMES GROUP PLC V LUFF DEVELOPMENTS | ||
| 650 | _aCONSTRUCTIVE TRUSTS | ||
| 650 | _aJOINT VENTURES | ||
| 690 | _aMANAGEMENT-BUSINESS MANAGEMENT-PROFESSIONAL PRACTICE | ||
| 942 | _n0 | ||
| 999 |
_c62538 _d62538 |
||